Central Library OPAC University of Rajshahi

হাজার বছরের বাংলা গান / (Record no. 40903)

MARC details
000 -LEADER
fixed length control field 00920nam a2200229 a 4500
001 - CONTROL NUMBER
control field 40903
003 - CONTROL NUMBER IDENTIFIER
rucl marc code BD-RjUL
005 - DATE AND TIME OF LATEST TRANSACTION
control field 20211209053308.0
008 - FIXED-LENGTH DATA ELEMENTS--GENERAL INFORMATION
fixed length control field 160512s1969 ii ||||| |||| 00| 0 ben d
020 ## - INTERNATIONAL STANDARD BOOK NUMBER
Terms of availability : IRs 15.00
035 ## - SYSTEM CONTROL NUMBER
System control number (BD-RjUL)41019
040 ## - CATALOGING SOURCE
Original cataloging agency BD-RjUL
Language of cataloging ben
Transcribing agency BD-RjUL
041 ## - LANGUAGE CODE
Language code of text/sound track or separate title ben
082 ## - DEWEY DECIMAL CLASSIFICATION NUMBER
Edition number 23
Classification number 781.6295414
Author mark and year HAJ 1969
245 00 - TITLE STATEMENT
Title হাজার বছরের বাংলা গান /
Statement of responsibility, etc. প্রভাতকুমার গোস্বামী সম্পাদিত
260 ## - PUBLICATION, DISTRIBUTION, ETC. (IMPRINT)
Place of publication, distribution, etc. কলিকাতা :
Name of publisher, distributor, etc. সারস্বত লাইব্রেরী,
Date of publication, distribution, etc. ১৯৬৯[১৩৭৬]
300 ## - PHYSICAL DESCRIPTION
Pagination [১৮], ৩৮৮ পৃ. ;
Size ২১ সেমি.
650 ## - SUBJECT ADDED ENTRY--TOPICAL TERM
Topical term or geographic name as entry element Songs
General subdivision Bengali
9 (RLIN) 125906
Topical term or geographic name as entry element গান
General subdivision বাংলা
9 (RLIN) 125907
700 ## - ADDED ENTRY--PERSONAL NAME
Personal name গোস্বামী, প্রভাতকুমার, সম্পাদক
942 ## - ADDED ENTRY ELEMENTS (KOHA)
Source of classification or shelving scheme Dewey Decimal Classification
Koha item type Books
Holdings
Lost status Source of classification or shelving scheme Damaged status Not for loan Collection code Permanent Location Current Location Shelving location Date acquired Source of acquisition Total Checkouts Full call number Date last seen Copy number Koha item type
  Dewey Decimal Classification   Not For Loan Non-fiction Central Library, University of Rajshahi Central Library, University of Rajshahi Reading Room 20/09/1973 Kolikata : K P Bagochi   B 781.6295414 HAJ 1969 12/05/2016 C-1 Books